000
00365nam a2200145 a 4500
005
20140414093844.0
008
090625s19uu xx uuu eng d
050
_a
VCD 500
_b
KIC 2007
100
_a
Scholastic
245
_a
Kicks up a storm :
_b
Science topic: weather /
_c
Scholastic.
650
_a
Science.
942
_c
AVM
999
_c
109456
_d
109456